[Event "34th European Club Cup 2018"]
[Site "Halkidiki"]
[Date "2018.10.18"]
[Round "7"]
[White "Heinzel, Olaf"]
[Black "Georgiadis, Nico"]
[Result "1/2-1/2"]
[WhiteElo "2331"]
[BlackElo "2526"]
[Annotator "TA"]
[PlyCount "162"]
[EventDate "2018.10.12"]
[EventType "team-tourn"]
[EventCountry "GRE"]
[SourceTitle "playchess.com"]
[Source "ChessBase"]
[SourceQuality "1"]
[WhiteTeam "Bonnevoie"]
[BlackTeam "Winterthur"]

1. d4 d5 2. Bf4 c5 3. e3 Nc6 4. Nf3 Nf6 5. c3 Qb6 6. Qb3 c4 7. Qc2 Bf5 8. Qc1 Nh5 9. Bg3 e6 10. Nbd2 Nxg3 11. hxg3 h6 12. e4 Bh7 13. Be2 Qc7 14. exd5 exd5 15. O-O Be7 16. Re1 O-O 17. Nf1 b5 18. Ne3 Rad8 19. Bd1 Be4 20. g4 Bf6 21. Bc2 Bxf3 22. gxf3 Bg5 23. Qd1 g6 24. Re2 Rd6 25. Qf1 Nd8 26. Rae1 Ne6 27. Ng2 Kg7 28. Re5 Bf4 29. Nxf4 Nxf4 30. R1e3 b4 31. Qc1 bxc3 32. bxc3 Qa5 33. a4 Qd8 34. Re7 Ne6 35. Rxa7 h5 36. Re5 hxg4 37. Qe3 gxf3 38. Qxf3 Qf6 39. Qxf6+ Kxf6 40. Kh2 Rh8+ 41. Kg2 Rb6 42. a5 Rb2 43. Ba4 Nf4+ 44. Kg3 Ne2+ 45. Kg2 Nf4+ 46. Kg3 Ne2+ 47. Kg2 Nxc3 48. Be8 Rf8 49. Re3 Ne4 50. Rf3+ Kg5 51. Bxf7 c3 52. Ra6 Rxf2+ 53. Rxf2 Nxf2 54. Rxg6+ Kf5 55. Rg3 Ke4 56. Bxd5+ Kxd4 57. Bb3 Ne4 58. Rg7 Rf2+ 59. Kh3 Nc5 60. Rg4+ Kd3 61. Rg3+ Kd2 62. Rg2 Rxg2 63. Kxg2 Nxb3 64. a6 c2 65. a7 c1=Q 66. a8=Q Qc2 67. Qf3 Nd4 68. Qf6 Qe4+ 69. Kh2 Ke2 70. Kh3 Nf3 71. Qb2+ Nd2 72. Qf6 Nc4 73. Kg3 Qe3+ 74. Kg4 Ne5+ 75. Kf5 Nf3 76. Qb2+ Kf1 77. Qa1+ Kg2 78. Qg7+ Kf2 79. Qb2+ Nd2 80. Qe5 Qd3+ 81. Ke6 Qe4 1/2-1/2

[Event "34th European Club Cup 2018"]
[Site "Halkidiki"]
[Date "2018.10.18"]
[Round "7"]
[White "Sotsky, Alexander"]
[Black "Baldauf, Marco"]
[Result "0-1"]
[WhiteElo "2330"]
[BlackElo "2472"]
[Annotator "TA"]
[PlyCount "148"]
[EventDate "2018.10.12"]
[EventType "team-tourn"]
[EventCountry "GRE"]
[SourceTitle "playchess.com"]
[Source "ChessBase"]
[SourceQuality "1"]
[WhiteTeam "Overtime"]
[BlackTeam "Berlin"]

1. d4 Nf6 2. Bg5 Ne4 3. Bf4 e6 4. Nd2 Nxd2 5. Qxd2 b6 6. Nf3 Bb7 7. e3 Be7 8. Bd3 c5 9. c3 O-O 10. Qe2 d5 11. h4 Nd7 12. Ng5 Nf6 13. Be5 Ne4 14. Qh5 h6 15. f3 Nxg5 16. hxg5 Bxg5 17. f4 Bf6 18. Bxf6 Qxf6 19. g4 g5 20. Qxh6 Qxh6 21. Rxh6 gxf4 22. exf4 Kg7 23. Rh7+ Kf6 24. Kf2 Rh8 25. Rah1 Rxh7 26. Rxh7 Bc6 27. g5+ Ke7 28. g6 Rf8 29. Kg3 Kf6 30. f5 cxd4 31. cxd4 Be8 32. gxf7 Bxf7 33. Kf4 exf5 34. Bxf5 Re8 35. Rh6+ Kg7 36. Rh2 Re1 37. a3 Bg6 38. Bxg6 Kxg6 39. Kf3 Re4 40. Rd2 Kf5 41. Rh2 Rxd4 42. Ke3 Ra4 43. Rh5+ Ke6 44. Rh6+ Ke5 45. Kd3 Rg4 46. Rh3 Kd6 47. Rf3 a5 48. Rh3 Kc5 49. Rf3 Rg2 50. Kc3 a4 51. Rf5 Rg3+ 52. Kc2 Kc4 53. Rf2 d4 54. Rh2 Rf3 55. Rg2 Rh3 56. Rf2 b5 57. Rg2 Rf3 58. Rh2 Rg3 59. Rf2 Re3 60. Kd2 Kb3 61. Rf5 Kxb2 62. Rxb5+ Kxa3 63. Rd5 Re4 64. Kd3 Rh4 65. Rb5 Ka2 66. Rb4 a3 67. Rb7 Ka1 68. Ra7 Kb2 69. Rb7+ Kc1 70. Rc7+ Kd1 71. Ra7 Rh2 72. Kxd4 a2 73. Kc3 Kc1 74. Kb3 Kb1 0-1

[Event "34th European Club Cup 2018"]
[Site "Halkidiki"]
[Date "2018.10.18"]
[Round "7"]
[White "Kosanovic, Goran A"]
[Black "Friedrich, Norbert"]
[Result "0-1"]
[WhiteElo "2329"]
[BlackElo "2259"]
[Annotator "TA"]
[PlyCount "38"]
[EventDate "2018.10.12"]
[EventType "team-tourn"]
[EventCountry "GRE"]
[SourceTitle "playchess.com"]
[Source "ChessBase"]
[SourceQuality "1"]
[WhiteTeam "Sloven Ruma"]
[BlackTeam "Zurich"]

1. Nf3 Nf6 2. e3 c5 3. d4 d5 4. c4 cxd4 5. exd4 g6 6. Nc3 Bg7 7. cxd5 Nxd5 8. Bc4 Nxc3 9. bxc3 Qc7 10. Qb3 O-O 11. Ng5 e6 12. Ba3 Rd8 13. O-O Nc6 14. Be2 Na5 15. Qb4 b6 16. Rad1 Bb7 17. Bf3 Bxf3 18. Nxf3 Bf8 19. Qa4 b5 0-1

[Event "34th European Club Cup 2018"]
[Site "Halkidiki"]
[Date "2018.10.18"]
[Round "7"]
[White "Van Der Lende, Ilias"]
[Black "Bokros, Albert"]
[Result "1-0"]
[WhiteElo "2327"]
[BlackElo "2465"]
[Annotator "TA"]
[PlyCount "63"]
[EventDate "2018.10.12"]
[EventType "team-tourn"]
[EventCountry "GRE"]
[SourceTitle "playchess.com"]
[Source "ChessBase"]
[SourceQuality "1"]
[WhiteTeam "Deloitte"]
[BlackTeam "Dunajska Streda"]

1. Nf3 d5 2. c4 e6 3. g3 Nf6 4. Bg2 dxc4 5. Na3 Bxa3 6. bxa3 O-O 7. Qc2 b5 8. Ng5 c6 9. Bb2 Re8 10. O-O-O h6 11. h4 Bb7 12. d3 c3 13. Qxc3 Nbd7 14. Ne4 Qe7 15. Kb1 Rac8 16. g4 e5 17. g5 Nd5 18. Qd2 h5 19. Bh3 Rcd8 20. Rhg1 Nf8 21. e3 Bc8 22. Bxc8 Rxc8 23. Qe2 g6 24. f4 Nd7 25. f5 Kh7 26. Rdf1 Nc5 27. Nf6+ Nxf6 28. gxf6 Qd7 29. d4 exd4 30. Rg5 Rxe3 31. Qxh5+ Kg8 32. Qh6 1-0

[Event "34th European Club Cup 2018"]
[Site "Halkidiki"]
[Date "2018.10.18"]
[Round "7"]
[White "Pantzar, Milton"]
[Black "Boel, Marcel"]
[Result "1/2-1/2"]
[WhiteElo "2326"]
[BlackElo "2241"]
[Annotator "TA"]
[PlyCount "123"]
[EventDate "2018.10.12"]
[EventType "team-tourn"]
[EventCountry "GRE"]
[SourceTitle "playchess.com"]
[Source "ChessBase"]
[SourceQuality "1"]
[WhiteTeam "Team Viking"]
[BlackTeam "Apeldoorn"]

1. d4 Nf6 2. c4 e6 3. Nc3 Bb4 4. g3 O-O 5. Bg2 d5 6. Nf3 c5 7. dxc5 Nc6 8. O-O Bxc5 9. cxd5 exd5 10. Bg5 d4 11. Bxf6 Qxf6 12. Ne4 Qe7 13. Nxc5 Qxc5 14. Rc1 Qb6 15. Qc2 h6 16. Nd2 Be6 17. Bxc6 Rac8 18. b3 Rxc6 19. Qd3 Rfc8 20. Rxc6 Qxc6 21. Nf3 Bh3 22. Rd1 Qc2 23. Qxc2 Rxc2 24. Nxd4 Rxa2 25. f3 Be6 26. Kf2 Rb2 27. Rd3 Bd7 28. Rc3 Bc6 29. g4 g6 30. h4 Kf8 31. Kg3 a5 32. Rc5 Ra2 33. Nxc6 bxc6 34. e4 Ra3 35. Rxc6 Rxb3 36. Rc5 Ra3 37. Kf4 Kg7 38. Rb5 Ra1 39. Rc5 Ra3 40. Rb5 Ra1 41. Rd5 Ra3 42. Rc5 Ra1 43. Rb5 Ra3 44. Rb7 Ra4 45. Ra7 Ra3 46. g5 h5 47. Ra6 Ra1 48. Ra8 Rh1 49. Kg3 Rg1+ 50. Kh2 Ra1 51. Ra7 Ra3 52. Kg2 Ra2+ 53. Kg3 Ra1 54. Ra8 Rg1+ 55. Kh2 Ra1 56. Kg2 Ra2+ 57. Kg3 Ra1 58. Ra7 Rg1+ 59. Kh2 Ra1 60. Kg2 Ra2+ 61. Kg3 Ra1 62. Kf4 1/2-1/2

[Event "34th European Club Cup 2018"]
[Site "Halkidiki"]
[Date "2018.10.18"]
[Round "7"]
[White "Samoun, Florent"]
[Black "Boidman, Yuri"]
[Result "0-1"]
[WhiteElo "2322"]
[BlackElo "2358"]
[Annotator "TA"]
[PlyCount "82"]
[EventDate "2018.10.12"]
[EventType "team-tourn"]
[EventCountry "GRE"]
[SourceTitle "playchess.com"]
[Source "ChessBase"]
[SourceQuality "1"]
[WhiteTeam "Bois-Colombes"]
[BlackTeam "Wirtzfeld"]

1. e4 c5 2. Nf3 Nc6 3. Bb5 g6 4. O-O Bg7 5. Re1 Nd4 6. Nxd4 cxd4 7. c3 e6 8. cxd4 Bxd4 9. Nc3 Ne7 10. a4 O-O 11. Ne2 Bg7 12. d4 a6 13. Bd3 Nc6 14. Be3 Nb4 15. Bb1 a5 16. Qd2 d6 17. Ra3 Bd7 18. Nc3 Rc8 19. Nb5 Bc6 20. Na7 Rb8 21. Nxc6 bxc6 22. Rc3 Qd7 23. f4 f5 24. e5 dxe5 25. dxe5 Qxd2 26. Bxd2 Rfd8 27. Bc1 Bf8 28. Kf1 Rd7 29. Ke2 Rbd8 30. Be3 c5 31. Rec1 Rb8 32. g3 Nd5 33. R3c2 Rdb7 34. Ba2 Rxb2 35. Kf3 Kf7 36. Bxc5 Rxc2 37. Rxc2 Rc8 38. Bxd5 exd5 39. e6+ Ke8 40. Bxf8 Rxc2 41. Bd6 Rc4 0-1

[Event "34th European Club Cup 2018"]
[Site "Halkidiki"]
[Date "2018.10.18"]
[Round "7"]
[White "Taylor, Adam C"]
[Black "Nikolovski, Nikola"]
[Result "1/2-1/2"]
[WhiteElo "2321"]
[BlackElo "2369"]
[Annotator "TA"]
[PlyCount "124"]
[EventDate "2018.10.12"]
[EventType "team-tourn"]
[EventCountry "GRE"]
[SourceTitle "playchess.com"]
[Source "ChessBase"]
[SourceQuality "1"]
[WhiteTeam "Wood Green"]
[BlackTeam "Asseco SEE"]

1. Nf3 f5 2. d3 d6 3. e4 e5 4. Be3 Nc6 5. exf5 Bxf5 6. d4 e4 7. d5 Nce7 8. Nd4 Qd7 9. c4 Nf6 10. Nc3 g6 11. h3 h5 12. Qb3 Bg7 13. Qxb7 O-O 14. Qa6 Rfb8 15. Ncb5 Rb6 16. Qa3 Rbb8 17. Be2 a6 18. Nc3 Rb7 19. Rd1 Rf8 20. Rd2 Qe8 21. Qxa6 Bc8 22. Ncb5 Qf7 23. Ne6 Rb8 24. Qa7 Bxe6 25. dxe6 Qxe6 26. Nxc7 Qc8 27. Nb5 Nf5 28. Nxd6 Nxd6 29. Rxd6 Rxb2 30. Rd2 Rb1+ 31. Rd1 Rb2 32. Qa3 Rxe2+ 33. Kxe2 Qxc4+ 34. Ke1 Nd5 35. Rxd5 Qxd5 36. Qb3 Qxb3 37. axb3 Rb8 38. Kd2 Rxb3 39. Rc1 Rb2+ 40. Ke1 Rb4 41. Rc8+ Kf7 42. Rc7+ Kg8 43. Bd2 Ra4 44. Bc3 Bxc3+ 45. Rxc3 Kg7 46. Ke2 Kf6 47. Ke3 Kf5 48. Rc5+ Ke6 49. Rb5 Rc4 50. Kf4 e3+ 51. Kxe3 Kf6 52. Rd5 Ra4 53. Rd4 Ra6 54. Kf4 Rb6 55. Ra4 Rc6 56. Kg3 Rc3+ 57. Kh4 Rc6 58. f4 Rb6 59. Ra5 Rb4 60. Ra6+ Kg7 61. g4 hxg4 62. Kxg4 Rb5 1/2-1/2

[Event "34th European Club Cup 2018"]
[Site "Halkidiki"]
[Date "2018.10.18"]
[Round "7"]
[White "Tryggestad, Andreas Garberg"]
[Black "De Groote, Ewoud"]
[Result "1-0"]
[WhiteElo "2320"]
[BlackElo "2292"]
[Annotator "TA"]
[PlyCount "89"]
[EventDate "2018.10.12"]
[EventType "team-tourn"]
[EventCountry "GRE"]
[SourceTitle "playchess.com"]
[Source "ChessBase"]
[SourceQuality "1"]
[WhiteTeam "Nordstrand"]
[BlackTeam "BSG"]

1. d4 Nf6 2. c4 e6 3. Nf3 d5 4. Nc3 Be7 5. Bg5 h6 6. Bxf6 Bxf6 7. e3 O-O 8. Qc2 c6 9. h4 g6 10. h5 g5 11. O-O-O Bg7 12. Ne5 Nd7 13. f4 Nxe5 14. fxe5 f6 15. Qg6 Qe8 16. Qxe8 Rxe8 17. exf6 Bxf6 18. e4 e5 19. dxe5 Bxe5 20. cxd5 Bg4 21. Be2 Bxe2 22. Nxe2 Rac8 23. d6 Rcd8 24. Nd4 Rxd6 25. Nf5 Bf4+ 26. Kc2 Rxd1 27. Rxd1 g4 28. Rd7 Rxe4 29. Rg7+ Kf8 30. Rxg4 Re2+ 31. Kd1 Rf2 32. Ke1 Bg3 33. Nxg3 Rxg2 34. Rf4+ Ke8 35. Ne2 Rh2 36. Rf5 Ke7 37. Kd2 b6 38. Ke3 c5 39. b3 Rh3+ 40. Ke4 Rh2 41. Nc3 Rc2 42. Nd5+ Ke8 43. Re5+ Kd8 44. Kf5 Kd7 45. Nf6+ 1-0

[Event "34th European Club Cup 2018"]
[Site "Halkidiki"]
[Date "2018.10.18"]
[Round "7"]
[White "Rosenthal, Jonathan"]
[Black "Lazic, Miroljub"]
[Result "1/2-1/2"]
[WhiteElo "2315"]
[BlackElo "2466"]
[Annotator "TA"]
[PlyCount "71"]
[EventDate "2018.10.12"]
[EventType "team-tourn"]
[EventCountry "GRE"]
[SourceTitle "playchess.com"]
[Source "ChessBase"]
[SourceQuality "1"]
[WhiteTeam "Zurich"]
[BlackTeam "Sloven Ruma"]

1. d4 d6 2. Nf3 c6 3. c4 Bg4 4. e4 Nd7 5. Nc3 e5 6. Be2 Be7 7. O-O Ngf6 8. Be3 O-O 9. Nd2 Bxe2 10. Qxe2 exd4 11. Bxd4 Re8 12. Nf3 Bf8 13. Qc2 a6 14. Rad1 b5 15. cxb5 axb5 16. a3 Qb8 17. Rfe1 c5 18. Be3 b4 19. axb4 cxb4 20. Nd5 b3 21. Qb1 Nxe4 22. Rd4 Nec5 23. Ng5 g6 24. h4 Bg7 25. Rb4 Qd8 26. Rd1 h6 27. Nf3 Qa5 28. h5 g5 29. Bxg5 hxg5 30. Nxg5 Nf8 31. h6 Bxh6 32. Nf6+ Kg7 33. Nh5+ Kg8 34. Nf6+ Kg7 35. Nh5+ Kg8 36. Nf6+ 1/2-1/2

[Event "34th European Club Cup 2018"]
[Site "Halkidiki"]
[Date "2018.10.18"]
[Round "7"]
[White "Mueller, Reinhold"]
[Black "Ruchko, Denis"]
[Result "1-0"]
[WhiteElo "2306"]
[BlackElo "1908"]
[Annotator "NA"]
[PlyCount "75"]
[EventDate "2018.10.12"]
[EventType "team-tourn"]
[EventCountry "GRE"]
[SourceTitle "playchess.com"]
[Source "ChessBase"]
[SourceQuality "1"]
[WhiteTeam "Dublin"]
[BlackTeam "Ballinasloe"]

1. d4 d5 2. c4 c6 3. Nf3 e6 4. g3 dxc4 5. Bg2 b5 6. Ne5 Bb7 7. a4 a6 8. Nc3 Bb4 9. O-O Bxc3 10. bxc3 Qc8 11. Ba3 Nd7 12. f4 Ngf6 13. f5 Qc7 14. Nxf7 Kxf7 15. fxe6+ Kxe6 16. e4 h5 17. e5 c5 18. exf6 gxf6 19. d5+ Kf7 20. d6 Qb6 21. a5 Qa7 22. Bd5+ Kg7 23. Qf3 Bxd5 24. Qxd5 Rae8 25. Rae1 Ne5 26. Re3 b4 27. Bc1 b3 28. Rd1 Qb8 29. Qxc5 b2 30. Bxb2 Qxb2 31. d7 Rd8 32. Rxe5 fxe5 33. Qxe5+ Kg8 34. Qe6+ Kg7 35. Qe7+ Kg6 36. Rd6+ Kf5 37. Rf6+ Kg4 38. Rf4+ 1-0

[Event "34th European Club Cup 2018"]
[Site "Halkidiki"]
[Date "2018.10.18"]
[Round "7"]
[White "Rudolf, Henrik"]
[Black "Sakalli, Selcuk Orkun"]
[Result "1-0"]
[WhiteElo "2306"]
[BlackElo "1686"]
[Annotator "TA"]
[PlyCount "177"]
[EventDate "2018.10.12"]
[EventType "team-tourn"]
[EventCountry "GRE"]
[SourceTitle "playchess.com"]
[Source "ChessBase"]
[SourceQuality "1"]
[WhiteTeam "Berlin"]
[BlackTeam "Overtime"]

1. e4 e5 2. Nf3 Nc6 3. Bb5 a6 4. Ba4 Nf6 5. O-O Nxe4 6. d4 b5 7. Bb3 d5 8. dxe5 Be6 9. Qe2 Be7 10. Rd1 O-O 11. c3 h6 12. Bc2 Nc5 13. Nd4 Nxd4 14. cxd4 Nd7 15. f4 f5 16. Be3 c6 17. Nd2 Nb6 18. b3 a5 19. Bd3 Ba3 20. Nf1 a4 21. Qc2 Qd7 22. g4 g6 23. Ng3 Rf7 24. Kh1 Kh8 25. Rg1 c5 26. gxf5 gxf5 27. Qe2 c4 28. Bc2 Bb2 29. Rab1 axb3 30. axb3 Ra2 31. Nh5 Ba3 32. Rg6 Kh7 33. Nf6+ Rxf6 34. Rxf6 Be7 35. Rxe6 Qxe6 36. Qd1 Qg6 37. Ra1 cxb3 38. Rxa2 bxa2 39. Bb3 Nc4 40. Bf2 Qa6 41. Qa1 b4 42. Qxa2 Qxa2 43. Bxa2 Nd2 44. Bxd5 b3 45. Be1 b2 46. Ba2 b1=Q 47. Bxb1 Nxb1 48. d5 Bc5 49. d6 Kg6 50. Ba5 Kf7 51. d7 Be7 52. d8=Q Bxd8 53. Bxd8 Nc3 54. Ba5 Nd5 55. Bd2 Kg6 56. Kg2 Ne7 57. Kf3 Kf7 58. Kg3 Ng6 59. Ba5 Ke6 60. Bd8 Kf7 61. Bf6 Ke6 62. Bg7 h5 63. Bf6 Kf7 64. Kf3 Ke6 65. Bg5 Kd5 66. Ke3 Nf8 67. Bh6 Ng6 68. Bg5 Nf8 69. Kd3 Ne6 70. Bh6 Kc5 71. Ke3 Kd5 72. Kf3 h4 73. Kg2 Nd8 74. Kh3 Nf7 75. Bg7 Ke4 76. e6 Nd6 77. Bh6 Kd5 78. e7 Ke6 79. Bg5 Kf7 80. Kxh4 Kg6 81. Kg3 Kh5 82. Kf3 Kg6 83. Ke3 Kf7 84. Kd4 Ke6 85. h4 Ne8 86. h5 Kf7 87. Ke5 Ng7 88. h6 Nh5 89. h7 1-0

[Event "34th European Club Cup 2018"]
[Site "Halkidiki"]
[Date "2018.10.18"]
[Round "7"]
[White "Laursen, Niels Norskov"]
[Black "Gibicar, Danijel"]
[Result "0-1"]
[WhiteElo "2304"]
[BlackElo "2279"]
[Annotator "TA"]
[PlyCount "52"]
[EventDate "2018.10.12"]
[EventType "team-tourn"]
[EventCountry "GRE"]
[SourceTitle "playchess.com"]
[Source "ChessBase"]
[SourceQuality "1"]
[WhiteTeam "Bronshoj"]
[BlackTeam "Echternach"]

1. e4 e6 2. d4 d5 3. Nc3 Bb4 4. e5 c5 5. a3 Bxc3+ 6. bxc3 Ne7 7. a4 Qa5 8. Bd2 Nbc6 9. Nf3 Bd7 10. Be2 f6 11. c4 Qc7 12. cxd5 Nxd5 13. c4 Nde7 14. exf6 gxf6 15. Bc3 O-O-O 16. d5 exd5 17. Bxf6 Rhg8 18. Bh4 dxc4 19. Bg3 Qa5+ 20. Qd2 c3 21. Qf4 Nd5 22. Qc4 c2+ 23. Kf1 Bf5 24. Nh4 Qc3 25. Qxc3 Nxc3 26. Nxf5 Nb1 0-1

[Event "34th European Club Cup 2018"]
[Site "Halkidiki"]
[Date "2018.10.18"]
[Round "7"]
[White "Van Der Heijden, Ton"]
[Black "Haug, Johannes"]
[Result "1/2-1/2"]
[WhiteElo "2300"]
[BlackElo "2391"]
[Annotator "TA"]
[PlyCount "109"]
[EventDate "2018.10.12"]
[EventType "team-tourn"]
[EventCountry "GRE"]
[SourceTitle "playchess.com"]
[Source "ChessBase"]
[SourceQuality "1"]
[WhiteTeam "BSG"]
[BlackTeam "Nordstrand"]

1. d4 Nf6 2. c4 e6 3. Nf3 b6 4. Nc3 Bb7 5. Bg5 h6 6. Bh4 g5 7. Bg3 Nh5 8. e3 Nxg3 9. hxg3 Bg7 10. g4 Nc6 11. Bd3 Qe7 12. a3 O-O-O 13. Qc2 h5 14. d5 Ne5 15. gxh5 Nxf3+ 16. gxf3 Bxc3+ 17. Qxc3 exd5 18. cxd5 Bxd5 19. Rc1 c5 20. Ke2 Kb8 21. b4 g4 22. fxg4 Bxh1 23. Rxh1 Rc8 24. Bf5 Rh6 25. Qg7 Rhh8 26. Rd1 Rhd8 27. bxc5 bxc5 28. h6 c4 29. h7 a6 30. h8=Q Rxh8 31. Rxd7 Qc5 32. Be4 Qb5 33. Qxf7 c3+ 34. Ke1 Rh1+ 35. Bxh1 Qb1+ 36. Ke2 Qb2+ 37. Kf1 Qb5+ 38. Kg1 Qb1+ 39. Kg2 Qe4+ 40. f3 Qb1 41. Qd5 Qb6 42. Rd6 Qb2+ 43. Kg3 c2 44. f4 c1=Q 45. Qa8+ Kc7 46. Rc6+ Qxc6 47. Qxc6+ Kb8 48. Qa8+ Kc7 49. Qxa6 Qc1 50. Qa7+ Kd8 51. Qd4+ Ke7 52. Qe5+ Kd7 53. Qd5+ Ke7 54. Qe5+ Kd7 55. Qd5+ 1/2-1/2

[Event "34th European Club Cup 2018"]
[Site "Halkidiki"]
[Date "2018.10.18"]
[Round "7"]
[White "Risting, Eivind Olav"]
[Black "Zlatin, Alexander"]
[Result "1-0"]
[WhiteElo "2299"]
[BlackElo "2249"]
[Annotator "NA"]
[PlyCount "81"]
[EventDate "2018.10.12"]
[EventType "team-tourn"]
[EventCountry "GRE"]
[SourceTitle "playchess.com"]
[Source "ChessBase"]
[SourceQuality "1"]
[WhiteTeam "SK Oslo"]
[BlackTeam "Rehovot"]

1. d4 Nf6 2. c4 e6 3. Nf3 Bb4+ 4. Bd2 a5 5. g3 O-O 6. Bg2 Nc6 7. O-O Bxd2 8. Qxd2 d6 9. d5 Nb8 10. Nc3 e5 11. e4 Na6 12. b3 Nc5 13. Ne1 Nfd7 14. Nc2 f5 15. exf5 Rxf5 16. Rae1 Nf8 17. f4 exf4 18. gxf4 Rh5 19. Nd4 Bh3 20. Ncb5 Bxg2 21. Kxg2 Ng6 22. Kh1 Qd7 23. f5 Ne5 24. Ne6 Nxe6 25. fxe6 Qe7 26. Qf4 Rh4 27. Qf2 Rc8 28. Qg3 Rg4 29. Qf2 Rh4 30. Nd4 Rh5 31. Re4 Rf8 32. Qxf8+ Qxf8 33. Rxf8+ Kxf8 34. Rf4+ Ke8 35. Nb5 g5 36. Nxc7+ Ke7 37. Rf5 h6 38. Rxe5 dxe5 39. c5 g4 40. d6+ Kf6 41. e7 1-0

[Event "34th European Club Cup 2018"]
[Site "Halkidiki"]
[Date "2018.10.18"]
[Round "7"]
[White "Andonovski, Ljubisa"]
[Black "Guha, Chirag"]
[Result "1-0"]
[WhiteElo "2287"]
[BlackElo "1849"]
[Annotator "TA"]
[PlyCount "123"]
[EventDate "2018.10.12"]
[EventType "team-tourn"]
[EventCountry "GRE"]
[SourceTitle "playchess.com"]
[Source "ChessBase"]
[SourceQuality "1"]
[WhiteTeam "Asseco SEE"]
[BlackTeam "Wood Green"]

1. d4 d5 2. c4 e6 3. Nf3 Nf6 4. g3 dxc4 5. Bg2 Nc6 6. O-O Rb8 7. e3 a6 8. Qe2 b5 9. b3 cxb3 10. axb3 Be7 11. Bd2 O-O 12. Rc1 Bb7 13. Ne1 Qd7 14. Nd3 Bd6 15. Nc3 Rfe8 16. f4 Nd5 17. Ne4 f6 18. Nec5 Bxc5 19. Nxc5 Qd6 20. Qf1 Bc8 21. Nxa6 Rb6 22. Nc5 e5 23. e4 Nde7 24. d5 Nd4 25. Be3 c6 26. Bxd4 exd4 27. Qd3 cxd5 28. Qxd4 dxe4 29. Qxd6 Rxd6 30. Nxe4 Rd4 31. Ra7 Bf5 32. Nf2 Nc8 33. Ra8 Nd6 34. Rxe8+ Nxe8 35. Rc5 Nd6 36. Rd5 Rxd5 37. Bxd5+ Kf8 38. b4 Ke7 39. Nd1 Be6 40. Bc6 Bd7 41. Bf3 Nc4 42. Nc3 Nd6 43. Kf2 Kd8 44. Be2 Bc6 45. Bd3 h6 46. Ke3 Kd7 47. Kd4 Kc7 48. Nd5+ Kd7 49. Be2 Bxd5 50. Kxd5 g5 51. Bd3 Ke7 52. Kc6 Ke6 53. Bxb5 h5 54. Bd3 h4 55. b5 hxg3 56. hxg3 gxf4 57. gxf4 f5 58. b6 Ke7 59. Bxf5 Nxf5 60. b7 Nd4+ 61. Kd5 Ne6 62. b8=Q 1-0

[Event "34th European Club Cup 2018"]
[Site "Halkidiki"]
[Date "2018.10.18"]
[Round "7"]
[White "Hove, Esben Kjems"]
[Black "Umudova, Nargiz"]
[Result "0-1"]
[WhiteElo "2286"]
[BlackElo "2233"]
[Annotator "TA"]
[PlyCount "68"]
[EventDate "2018.10.12"]
[EventType "team-tourn"]
[EventCountry "GRE"]
[SourceTitle "playchess.com"]
[Source "ChessBase"]
[SourceQuality "1"]
[WhiteTeam "Nordkalotten"]
[BlackTeam "Echiquier Amaytois"]

1. d4 Nf6 2. Nf3 d5 3. c3 c5 4. dxc5 e6 5. b4 a5 6. Qb3 b6 7. cxb6 axb4 8. cxb4 Qxb6 9. b5 Nbd7 10. e3 Nc5 11. Qc2 Na4 12. Be2 Bd7 13. Nbd2 Bd6 14. Bb2 O-O 15. Bd4 Qb8 16. Bxf6 Rc8 17. Qd3 gxf6 18. O-O Nc3 19. a4 Rxa4 20. Rxa4 Nxa4 21. Qd4 Nc3 22. Qg4+ Kf8 23. Bd3 Bxb5 24. Bxb5 Qxb5 25. Nd4 Qd3 26. N2b3 Rb8 27. Ra1 Ne4 28. Rd1 Qa6 29. f4 Qa2 30. Qh3 Rxb3 31. Qxh7 Rc3 32. f5 Qf2+ 33. Kh1 Qd2 34. Nxe6+ Ke7 0-1

[Event "34th European Club Cup 2018"]
[Site "Halkidiki"]
[Date "2018.10.18"]
[Round "7"]
[White "Lammens, Tim"]
[Black "Cramling, Dan"]
[Result "0-1"]
[WhiteElo "2281"]
[BlackElo "2358"]
[Annotator "TA"]
[PlyCount "70"]
[EventDate "2018.10.12"]
[EventType "team-tourn"]
[EventCountry "GRE"]
[SourceTitle "playchess.com"]
[Source "ChessBase"]
[SourceQuality "1"]
[WhiteTeam "Apeldoorn"]
[BlackTeam "Team Viking"]

1. d4 Nf6 2. c4 c5 3. d5 b5 4. cxb5 a6 5. e3 g6 6. Nc3 Bg7 7. a4 O-O 8. e4 d6 9. Nf3 Nbd7 10. Bd2 Ne8 11. Be2 Nc7 12. O-O axb5 13. axb5 Bb7 14. Qb3 Nb6 15. Rfd1 f5 16. e5 Rxa1 17. Rxa1 Ncxd5 18. Ng5 Qc8 19. Ra7 c4 20. Nxd5 Bxd5 21. Qh3 h6 22. Qe3 Nd7 23. e6 Ne5 24. f4 hxg5 25. fxe5 f4 26. Qd4 Qxe6 27. Rxe7 Bxe5 28. Qa7 Qf6 29. Bc3 Bxc3 30. bxc3 Qxc3 31. Bf1 g4 32. Qf2 g3 33. hxg3 fxg3 34. Qe3 Qf6 35. Be2 Qa1+ 0-1

[Event "34th European Club Cup 2018"]
[Site "Halkidiki"]
[Date "2018.10.18"]
[Round "7"]
[White "Van Beek, Alexander"]
[Black "Christenson, Flemming"]
[Result "1/2-1/2"]
[WhiteElo "2281"]
[BlackElo "2202"]
[Annotator "TA"]
[PlyCount "101"]
[EventDate "2018.10.12"]
[EventType "team-tourn"]
[EventCountry "GRE"]
[SourceTitle "playchess.com"]
[Source "ChessBase"]
[SourceQuality "1"]
[WhiteTeam "BSG"]
[BlackTeam "Nordstrand"]

1. e4 e6 2. d4 d5 3. Bd3 dxe4 4. Bxe4 Nf6 5. Bf3 c5 6. Ne2 cxd4 7. Qxd4 Nbd7 8. Ng3 Bc5 9. Qc3 O-O 10. O-O Qb6 11. Ne4 Nxe4 12. Bxe4 f5 13. Bf3 e5 14. Qc4+ Kh8 15. Nc3 e4 16. Be2 Bd6 17. Nd5 Qd8 18. Bf4 Ne5 19. Qc3 Ng6 20. Bxd6 Qxd6 21. Rfd1 Nf4 22. Bc4 Nxd5 23. Rxd5 Qc7 24. Qd4 Be6 25. Rc5 Qb6 26. Bxe6 Qxe6 27. Rd1 Rac8 28. g3 b6 29. Rd5 f4 30. Rd7 Qg6 31. Rd6 Qf5 32. Rd7 Qg6 33. Qd6 Qxd6 34. R1xd6 fxg3 35. hxg3 Rxc2 36. Rxa7 Rcxf2 37. Rdd7 h5 38. g4 Rf1+ 39. Kg2 R8f2+ 40. Kg3 Rf3+ 41. Kh4 Rh1+ 42. Kg5 Rg3 43. Rxg7 Rxg4+ 44. Kh6 Rxg7 45. Rxg7 h4 46. Re7 Rg1 47. Rxe4 h3 48. Re8+ Rg8 49. Re2 Rg2 50. Re8+ Rg8 51. Re2 1/2-1/2

[Event "34th European Club Cup 2018"]
[Site "Halkidiki"]
[Date "2018.10.18"]
[Round "7"]
[White "Thogersen, Rasmus"]
[Black "Handke, Florian"]
[Result "0-1"]
[WhiteElo "2277"]
[BlackElo "2536"]
[Annotator "TA"]
[PlyCount "72"]
[EventDate "2018.10.12"]
[EventType "team-tourn"]
[EventCountry "GRE"]
[SourceTitle "playchess.com"]
[Source "ChessBase"]
[SourceQuality "1"]
[WhiteTeam "Jetsmark"]
[BlackTeam "Aachen"]

1. e4 d6 2. d4 Nf6 3. Nc3 g6 4. Bg5 c6 5. Qd2 b5 6. f3 Nbd7 7. O-O-O h6 8. Be3 Bg7 9. Kb1 b4 10. Nce2 a5 11. Nc1 Nb6 12. h4 h5 13. Nh3 Qc7 14. Ng5 O-O 15. Bd3 c5 16. dxc5 dxc5 17. Bb5 Bd7 18. Qe2 a4 19. Bxd7 a3 20. b3 Qe5 21. Nd3 Qc3 22. e5 Nbxd7 23. Bd2 Nd5 24. Qf2 Bxe5 25. Bxc3 Nxc3+ 26. Kc1 Nxa2+ 27. Kd2 Bc3+ 28. Ke2 Bd4 29. Qg3 Nc3+ 30. Kd2 Nxd1 31. Nc1 Nc3 32. Re1 a2 33. Nxa2 Nxa2 34. Rxe7 Ne5 35. Qf4 Nc3 36. Ne4 Nd5 0-1